|
|
|
|
| LEADER |
00000nam a2200000 a 4500 |
| 001 |
vtls009494098 |
| 003 |
SK-MaSNL |
| 005 |
20260301171245.0 |
| 008 |
180810s1872 hu e 000 0 hun |
| 020 |
|
|
|q (viaz.)
|
| 040 |
|
|
|a SNK
|b slo
|c SNK
|e AACR2
|
| 041 |
0 |
|
|a hun
|
| 044 |
|
|
|a hu
|c HU
|
| 072 |
|
7 |
|a 2
|x Náboženstvo
|2 konspekt
|
| 080 |
|
|
|a 2-47
|2 2001
|
| 080 |
|
|
|a 371.3
|2 2001
|
| 080 |
|
|
|a 274/278-1/-9
|2 2001
|
| 080 |
|
|
|a (075.3)
|2 2001
|
| 245 |
0 |
0 |
|a Keresztyén hittan
|b az evangyéliomi gymnasiumok felsőbb osztályai számára
|c Palmer, Nitsch és Petri után készitette Batizfalvi István
|
| 260 |
|
|
|a Pest
|b Kiadja Petrík Géza
|c 1872
|
| 300 |
|
|
|a 79 s.
|c 21 cm
|
| 500 |
|
|
|a Pôvodcovia diela: Palmer, Nitsch a Petri
|
| 650 |
0 |
7 |
|a náboženská výchova
|2 SNKPH
|9 67239
|
| 650 |
0 |
7 |
|a evanjelické náboženstvo
|2 SNKPH
|9 4015
|
| 650 |
0 |
7 |
|a vyučovanie
|2 SNKPH
|9 1522
|
| 655 |
|
7 |
|a učebnice stredných škôl
|2 SNKPH
|9 69323
|
| 700 |
1 |
|
|a Batizfalvi, Štefan,
|d 1824-1899
|4 com
|9 282319
|
| 958 |
|
|
|a ONDV
|
| 999 |
|
|
|c 830247
|d 832177
|
| 952 |
|
|
|a SNK
|b SNK
|y PREZ
|7 0
|p 17A0619471
|o snkSD 78149
|i snk2009/7524
|8 3
|g 20.00
|0 0
|1 0
|4 0
|d 2009-04-21
|l 0
|r 2025-11-26 00:00:00
|w 2026-02-24
|